[Event "Marseille op 16th"]
[Site "Marseille"]
[Date "2023.12.30"]
[Round "3"]
[White "Bremond, Pascal"]
[Black "Girel, Joseph"]
[Result "0-1"]
[WhiteElo "1894"]
[BlackElo "2495"]
[PlyCount "48"]
[EventDate "2023.12.30"]
[EventType "swiss"]
[EventRounds "9"]
[EventCountry "FRA"]
[SourceTitle "CB01_2024"]
[SourceDate "2024.01.03"]
[SourceVersion "1"]
[SourceVersionDate "2024.01.03"]
[SourceQuality "1"]

1. d4 Nf6 2. c4 e6 3. Nf3 d5 4. g3 Bb4+ 5. Nbd2 dxc4 6. Qc2 b5 7. a4 c6 8. Bg2 a5 9. 0-0 0-0 10. e4 Nbd7 11. e5 Nd5 12. Ne4 f5 13. exf6 gxf6 14. Bh6 Rf7 15. h4 N7b6 16. axb5 cxb5 17. Rad1 Raa7 18. Bh3 Na4 19. Nc5 Nxc5 20. dxc5 Bxc5 21. Nd4 Qb6 22. Qe4 f5 23. Nxf5 Nf6 24. Qe5 exf5 0-1

[Event "Marseilles op 7th"]
[Site "Marseille"]
[Date "2014.12.26"]
[Round "2"]
[White "Bremond, Pascal"]
[Black "Nikolov, Momchil"]
[Result "0-1"]
[WhiteElo "1951"]
[BlackElo "2506"]
[PlyCount "52"]
[EventDate "2014.12.26"]
[EventType "swiss"]
[EventRounds "9"]
[EventCountry "FRA"]
[SourceTitle "EXT 2016"]
[Source "ChessBase"]
[SourceDate "2015.10.08"]
[SourceVersion "1"]
[SourceVersionDate "2015.10.08"]
[SourceQuality "1"]

1. d4 Nf6 2. c4 c5 3. d5 e6 4. Nc3 exd5 5. cxd5 d6 6. e4 g6 7. Bg5 Bg7 8. f3 h6 9. Be3 0-0 10. Nge2 Nbd7 11. Nc1 Nh5 12. g4 Nhf6 13. Qd2 Ne5 14. Be2 b5 15. 0-0 b4 16. Nd1 h5 17. g5 Nfd7 18. f4 Ng4 19. Bxg4 hxg4 20. Nf2 Nb6 21. Qe2 Re8 22. Ncd3 a5 23. Rad1 Nxd5 24. Bxc5 dxc5 25. Nxb4 cxb4 26. Qe3 Nxf4 0-1

[Event "Marseille op 2nd "]
[Site "Marseille"]
[Date "2009.12.29"]
[Round "8"]
[White "Bremond, Pascal"]
[Black "Vaisse, Kevin"]
[Result "1-0"]
[WhiteElo "2014"]
[BlackElo "1942"]
[PlyCount "95"]
[EventDate "2009.12.26"]
[EventType "swiss"]
[EventRounds "9"]
[EventCountry "FRA"]
[SourceTitle "CBM 134 Extra"]
[Source "ChessBase"]
[SourceDate "2010.03.03"]
[SourceVersion "1"]
[SourceVersionDate "2010.03.03"]
[SourceQuality "1"]

1. d4 d5 2. c4 e6 3. Nc3 Be7 4. Nf3 Nf6 5. g3 0-0 6. Bg2 dxc4 7. Qa4 Nc6 8. Qxc4 Re8 9. 0-0 Bd7 10. e4 b6 11. e5 Na5 12. Qe2 Nd5 13. Ne4 a6 14. Rd1 Bb5 15. Qc2 Nb4 16. Qb1 Be2 17. Nfg5 g6 18. Be3 Bxd1 19. Qxd1 Nd5 20. h4 Nxe3 21. fxe3 Bxg5 22. hxg5 Rc8 23. Qf3 Re7 24. Nf6+ Kh8 25. Kf2 Kg7 26. Rh1 Qh8 27. Rxh7+ Qxh7 28. Nxh7 Kxh7 29. Qf6 Rd7 30. b4 Nc4 31. Bc6 Rcd8 32. Bxd7 Rxd7 33. Qf3 c5 34. Qc6 Rd8 35. Qc7 Rf8 36. bxc5 b5 37. e4 Nd2 38. Ke3 Nc4+ 39. Kf4 Kg7 40. d5 Rh8 41. dxe6 Rh1 42. Qxf7+ Kh8 43. Qf8+ Kh7 44. Qh6+ Rxh6 45. gxh6 Kxh6 46. e7 g5+ 47. Kf5 Ne3+ 48. Ke6 1-0

[Event "FRA-chT3 Gr01 0607"]
[Site "France"]
[Date "2007.01.21"]
[Round "5.3"]
[White "Bremond, Pascal"]
[Black "Milesi, Laurent"]
[Result "1/2-1/2"]
[WhiteElo "2091"]
[BlackElo "2104"]
[PlyCount "30"]
[EventDate "2006.10.15"]
[EventType "team"]
[EventRounds "9"]
[EventCountry "FRA"]
[SourceTitle "EXT 2008"]
[Source "ChessBase"]
[SourceDate "2007.11.25"]
[SourceVersion "1"]
[SourceVersionDate "2007.11.25"]
[SourceQuality "1"]

1. d4 e6 2. e4 b6 3. g3 Bb7 4. Bg2 f5 5. Nd2 Nf6 6. Qe2 Be7 7. Nh3 0-0 8. 0-0 c5 9. d5 fxe4 10. d6 Bxd6 11. Ng5 Be7 12. Ndxe4 Nc6 13. Nxf6+ Bxf6 14. Nxe6 Qe8 15. Nf4 Qxe2 1/2-1/2

[Event "FRA-chT3 Gr01 0607"]
[Site "France"]
[Date "2006.12.10"]
[Round "4.1"]
[White "Bremond, Pascal"]
[Black "Comte, Christophe"]
[Result "0-1"]
[WhiteElo "2106"]
[BlackElo "2095"]
[PlyCount "80"]
[EventDate "2006.10.15"]
[EventType "team"]
[EventRounds "9"]
[EventCountry "FRA"]
[SourceTitle "EXT 2008"]
[Source "ChessBase"]
[SourceDate "2007.11.25"]
[SourceVersion "1"]
[SourceVersionDate "2007.11.25"]
[SourceQuality "1"]

1. d4 Nf6 2. c4 e6 3. Nf3 Bb4+ 4. Nbd2 b6 5. g3 Bb7 6. Bg2 0-0 7. 0-0 d5 8. Qc2 Nbd7 9. b3 c5 10. Bb2 cxd4 11. Nxd4 Rc8 12. a3 Bxd2 13. Qxd2 Nc5 14. Rad1 dxc4 15. Bxb7 Nxb7 16. Qg5 h6 17. Qe3 Nd5 18. Qf3 c3 19. Bc1 Qf6 20. Qg4 Rfd8 21. e4 Ne7 22. e5 Qg6 23. Qh4 Nd5 24. Rfe1 Nc5 25. Nc6 Rd7 26. Nd4 Nd3 27. Re4 Nxc1 28. Rxc1 a6 29. Ne2 b5 30. b4 Rdc7 31. Rg4 Qh7 32. Nd4 c2 33. Re4 g5 34. Qg4 Qg6 35. h4 Nc3 36. Re3 Na2 37. h5 Qh7 38. Nxe6 fxe6 39. Qxe6+ Qf7 40. Qxh6 Nxc1 0-1

[Event "Marseille Hiver op"]
[Site "Marseille"]
[Date "2005.12.30"]
[Round "8"]
[White "Bremond, Pascal"]
[Black "Vledouts, Sacha"]
[Result "1-0"]
[WhiteElo "2132"]
[BlackElo "1870"]
[PlyCount "31"]
[EventDate "2005.12.27"]
[EventType "swiss"]
[EventRounds "9"]
[EventCountry "FRA"]
[SourceTitle "CBM 110 Extra"]
[Source "ChessBase"]
[SourceDate "2006.03.10"]
[SourceVersion "2"]
[SourceVersionDate "2006.03.10"]
[SourceQuality "1"]

1. e4 e6 2. d4 d5 3. Nc3 Nf6 4. e5 Nfd7 5. Nce2 c5 6. c3 Nc6 7. f4 Qb6 8. Nf3 f6 9. f5 fxe5 10. fxe6 Nf6 11. dxe5 Ng4 12. Nf4 c4 13. Nd4 Ngxe5 14. Nxc6 Nxc6 15. Qh5+ Ke7 16. Nxd5+ 1-0

[Event "Marseille Hiver op"]
[Site "Marseille"]
[Date "2005.12.29"]
[Round "6"]
[White "Axisa, Gerard"]
[Black "Bremond, Pascal"]
[Result "0-1"]
[WhiteElo "1965"]
[BlackElo "2132"]
[PlyCount "70"]
[EventDate "2005.12.27"]
[EventType "swiss"]
[EventRounds "9"]
[EventCountry "FRA"]
[SourceTitle "CBM 110 Extra"]
[Source "ChessBase"]
[SourceDate "2006.03.10"]
[SourceVersion "2"]
[SourceVersionDate "2006.03.10"]
[SourceQuality "1"]

1. e4 Nf6 2. e5 Nd5 3. d4 d6 4. c4 Nb6 5. Nf3 Bg4 6. exd6 exd6 7. b3 Be7 8. Nc3 0-0 9. Be2 N8d7 10. 0-0 Nf6 11. h3 Bh5 12. Be3 d5 13. c5 Nbd7 14. Rc1 c6 15. Qd2 Re8 16. b4 Nf8 17. Ne5 Ne6 18. Bxh5 Nxh5 19. Ne2 f6 20. Nxc6 bxc6 21. g4 f5 22. gxh5 Rf8 23. f4 Bh4 24. Bf2 Qf6 25. Qe1 Bxf2+ 26. Qxf2 a5 27. bxa5 Rxa5 28. Rc2 Rfa8 29. Ra1 Nxc5 30. Rac1 Ne4 31. Qe1 R5a6 32. Ng3 Qxd4+ 33. Kh1 Qf6 34. Ne2 c5 35. Kh2 d4 0-1

[Event "FRA-chT2 0405"]
[Site "France"]
[Date "2005.01.08"]
[Round "5.6"]
[White "Bremond, Pascal"]
[Black "Pagnoncelli, Herve"]
[Result "1-0"]
[WhiteElo "2108"]
[BlackElo "1950"]
[PlyCount "147"]
[EventDate "2004.10.10"]
[EventType "team"]
[EventRounds "11"]
[EventCountry "FRA"]
[SourceTitle "EXT 2006"]
[Source "ChessBase"]
[SourceDate "2005.11.24"]
[SourceVersion "1"]
[SourceVersionDate "2005.11.24"]
[SourceQuality "1"]
[WhiteTeam "Marseille EFE"]
[BlackTeam "Condom"]
[WhiteTeamCountry "FRA"]
[BlackTeamCountry "FRA"]

1. d4 d5 2. c4 e6 3. Nc3 Nf6 4. Nf3 Bb4 5. g3 Ne4 6. Qc2 c5 7. e3 Nc6 8. Bg2 Qa5 9. 0-0 Bxc3 10. bxc3 Qxc3 11. Qxc3 Nxc3 12. cxd5 Nb4 13. Bb2 Ne2+ 14. Kh1 cxd4 15. dxe6 Bxe6 16. Nxd4 Nxd4 17. Bxd4 0-0 18. Bc5 Nc2 19. Rac1 Bc4 20. Rfd1 Rfd8 21. Bxb7 Rxd1+ 22. Rxd1 Re8 23. Rd2 Ne1 24. a4 a6 25. Rd4 Be2 26. Rd2 Bd3 27. e4 Rb8 28. Bd5 Rb1 29. Ba2 Bxe4+ 30. f3 Bxf3+ 31. Kg1 Rd1 32. Rxd1 Bxd1 33. a5 Nd3 34. Bb6 Nb4 35. Bc4 Bc2 36. Bc5 Bd3 37. Bb3 Nc6 38. Bb6 g5 39. Kf2 Kg7 40. Ke3 Bf1 41. Bd5 Nb4 42. Bb7 h5 43. Bc5 Na2 44. Bd5 Nc1 45. Kd2 Ne2 46. Bf3 Nxg3 47. hxg3 h4 48. gxh4 gxh4 49. Ke1 Bb5 50. Kf2 h3 51. Kg3 Kg6 52. Kxh3 Kf5 53. Kg3 Ke5 54. Bb6 f5 55. Bc7+ Ke6 56. Kf4 Kd7 57. Bb6 Kd6 58. Kxf5 Bc4 59. Kf4 Bf1 60. Ke3 Bb5 61. Kd4 Bf1 62. Ba7 Bb5 63. Bb8+ Kd7 64. Kc5 Kc8 65. Bf4 Bf1 66. Kb6 Kd7 67. Bc6+ Kc8 68. Bb7+ Kd7 69. Bxa6 Bxa6 70. Kxa6 Kc6 71. Ka7 Kb5 72. a6 Kc6 73. Kb8 Kb6 74. a7 1-0

[Event "FRA-chT2 0304a"]
[Site "France"]
[Date "2004.04.03"]
[Round "10.8"]
[White "Bremond, Pascal"]
[Black "Dubreuil, Julien"]
[Result "0-1"]
[WhiteElo "2098"]
[BlackElo "2201"]
[PlyCount "98"]
[EventDate "2003.10.??"]
[EventType "team"]
[EventRounds "11"]
[EventCountry "FRA"]
[SourceTitle "EXT 2005"]
[Source "ChessBase"]
[SourceDate "2004.11.15"]
[SourceVersion "1"]
[SourceVersionDate "2004.11.15"]
[SourceQuality "1"]
[WhiteTeam "Marseille EFE"]
[BlackTeam "Lyon Olympique"]
[WhiteTeamCountry "FRA"]
[BlackTeamCountry "FRA"]

1. d4 Nf6 2. c4 c6 3. Nc3 d5 4. g3 dxc4 5. e4 b5 6. e5 Nd5 7. Ne4 Bf5 8. Bg2 Nb4 9. Ne2 Nd3+ 10. Kf1 Nd7 11. b3 Nb6 12. Bg5 f6 13. exf6 exf6 14. Bf4 Be7 15. a4 0-0 16. Kg1 Nd5 17. Bd2 Re8 18. Nc1 N5b4 19. Bc3 Nxc1 20. Rxc1 Nd3 21. Ra1 Rc8 22. axb5 cxb5 23. Rxa7 b4 24. bxc4 bxc3 25. Qxd3 c2 26. Ra1 Bc5 27. Re1 c1Q 28. Rxc1 Bxd4 29. Kf1 Qb6 30. g4 Bg6 31. Bf3 Bxf2 32. c5 Bxc5 33. Kg2 Bd4 34. Rce1 Red8 35. Rb1 Qa7 36. h4 Qa2+ 37. Kh3 Be5 38. Qb3+ Qxb3 39. Rxb3 Bf7 40. Re3 Bf4 41. Ra3 Rc2 42. Bg2 h5 43. Bf3 Be6 44. Ng3 Rdd2 45. Ra8+ Kf7 46. Ra7+ Bc7 47. Rxc7+ Rxc7 48. Nxh5 Rc3 49. Rf1 Bc4 0-1

[Event "FRA-chT2S"]
[Site "France"]
[Date "2003.02.02"]
[Round "7.4"]
[White "Bremond, Pascal"]
[Black "Mallet, Celine"]
[Result "1-0"]
[WhiteElo "2080"]
[BlackElo "2060"]
[PlyCount "77"]
[EventDate "2002.10.??"]
[EventType "team"]
[EventRounds "11"]
[EventCountry "FRA"]
[SourceTitle "EXT 2004"]
[Source "ChessBase"]
[SourceDate "2003.11.25"]
[SourceVersion "1"]
[SourceVersionDate "2003.11.25"]
[SourceQuality "1"]

1. d4 Nf6 2. c4 c5 3. Nf3 g6 4. g3 Bg7 5. Nc3 cxd4 6. Nxd4 Nc6 7. Nb3 b6 8. Bg2 Bb7 9. Bf4 0-0 10. 0-0 d6 11. Rc1 Qd7 12. e4 Nh5 13. Be3 Ne5 14. Qe2 Rac8 15. Nd2 Ba6 16. Nd5 e6 17. Bh3 Qb7 18. Nb4 b5 19. c5 dxc5 20. Bxc5 Rfd8 21. Nb3 Nc4 22. e5 Rb8 23. Bg2 Qc8 24. Nc6 Rd7 25. Nxb8 Qxb8 26. Bd6 Nxd6 27. Nc5 Bc8 28. Nxd7 Bxd7 29. Rfd1 Nc4 30. Rxd7 Bxe5 31. Rcd1 Kg7 32. b3 Na5 33. f4 Qb6+ 34. Kh1 Bf6 35. f5 exf5 36. Bd5 f4 37. g4 Qe3 38. Qxe3 fxe3 39. gxh5 1-0

[Event "FRA-chT2S"]
[Site "France"]
[Date "2002.11.16"]
[Round "2.8"]
[White "Trotzky, Natacha"]
[Black "Bremond, Pascal"]
[Result "1-0"]
[WhiteElo "1810"]
[BlackElo "2082"]
[PlyCount "69"]
[EventDate "2002.10.??"]
[EventType "team"]
[EventRounds "11"]
[EventCountry "FRA"]
[SourceTitle "EXT 2004"]
[Source "ChessBase"]
[SourceDate "2003.11.25"]
[SourceVersion "1"]
[SourceVersionDate "2003.11.25"]
[SourceQuality "1"]

1. e4 e5 2. Nf3 Nc6 3. Bb5 a6 4. Bxc6 dxc6 5. 0-0 Bg4 6. h3 h5 7. d3 Qf6 8. Nbd2 Bd6 9. Re1 Ne7 10. Nc4 Bxf3 11. Qxf3 Qxf3 12. gxf3 Ng6 13. Kh2 Be7 14. Rg1 Bh4 15. Be3 0-0-0 16. Rxg6 fxg6 17. Nxe5 Rhe8 18. Nxg6 Bf6 19. Rb1 Rd7 20. f4 Bd4 21. Bxd4 Rxd4 22. Rg1 c5 23. b3 b5 24. Ne5 Rf8 25. f5 Re8 26. f4 c4 27. Rxg7 c5 28. f6 cxd3 29. cxd3 c4 30. bxc4 bxc4 31. dxc4 h4 32. f7 Rh8 33. Rg8+ Rd8 34. Rxh8 Rxh8 35. Ng6 1-0

[Event "FRA-chT2S"]
[Site "France"]
[Date "2002.10.13"]
[Round "1.7"]
[White "Bremond, Pascal"]
[Black "Marino, Olivier"]
[Result "0-1"]
[WhiteElo "2082"]
[BlackElo "2088"]
[PlyCount "52"]
[EventDate "2002.10.??"]
[EventType "team"]
[EventRounds "11"]
[EventCountry "FRA"]
[SourceTitle "EXT 2004"]
[Source "ChessBase"]
[SourceDate "2003.11.25"]
[SourceVersion "1"]
[SourceVersionDate "2003.11.25"]
[SourceQuality "1"]

1. d4 Nf6 2. c4 g6 3. Nc3 Bg7 4. g3 0-0 5. Bg2 d6 6. Nf3 Nc6 7. d5 Na5 8. Qd3 c5 9. 0-0 a6 10. Re1 Rb8 11. a4 Nb3 12. Ra2 Nxc1 13. Rxc1 b6 14. e4 Ne8 15. Re1 Nc7 16. b3 Bd7 17. Rae2 b5 18. axb5 axb5 19. Nd2 bxc4 20. bxc4 Na6 21. Rc1 Bg4 22. Nf3 Rb3 23. h3 Bxf3 24. Bxf3 Qa5 25. Ra2 Qxa2 26. Nxa2 Rxd3 0-1

[Event "FRA-chT2"]
[Site "France"]
[Date "2002.03.09"]
[Round "8"]
[White "Peyrin, Jean"]
[Black "Bremond, Pascal"]
[Result "1-0"]
[WhiteElo "2080"]
[BlackElo "2052"]
[PlyCount "110"]
[EventDate "2002.??.??"]
[EventType "team"]
[EventRounds "11"]
[EventCountry "FRA"]
[SourceTitle "EXT 2003"]
[Source "ChessBase"]
[SourceDate "2002.11.25"]
[SourceVersion "1"]
[SourceVersionDate "2002.11.25"]
[SourceQuality "1"]

1. d4 Nf6 2. c4 e6 3. Nf3 b6 4. a3 Bb7 5. Nc3 d5 6. cxd5 exd5 7. Bg5 Be7 8. e3 0-0 9. Bd3 Nbd7 10. Rc1 Re8 11. 0-0 a6 12. Qc2 Nf8 13. b4 h6 14. Bh4 Ne6 15. Qb3 Rb8 16. Qa2 c5 17. bxc5 bxc5 18. dxc5 Nxc5 19. Bf5 Nce4 20. Rfd1 Qa5 21. Bxf6 Nxf6 22. a4 Bb4 23. Ne2 Ne4 24. Rc2 Qb6 25. Nfd4 Qf6 26. Rb1 a5 27. Rbc1 Bd6 28. Ng3 Qe5 29. Bxe4 dxe4 30. Nc6 Bxc6 31. Rxc6 Rb2 32. Qc4 Rb4 33. Qa6 Qb2 34. R6c2 Qe5 35. Rd1 Be7 36. Qc6 Bh4 37. Rcd2 Bxg3 38. hxg3 Qe6 39. Rd6 Qc8 40. Qxc8 Rxc8 41. Rd8+ Rxd8 42. Rxd8+ Kh7 43. Rd4 Rxd4 44. exd4 Kg6 45. Kf1 Kf6 46. Ke2 Ke6 47. g4 Kd5 48. Ke3 g6 49. g3 g5 50. f3 exf3 51. Kxf3 Kxd4 52. Ke2 Kc4 53. Ke3 Kb4 54. Kd4 Kxa4 55. Kc4 f6 1-0

[Event "Majeur-chT 0001"]
[Site "France"]
[Date "2001.??.??"]
[Round "6"]
[White "Leger, Pascal"]
[Black "Bremond, Pascal"]
[Result "0-1"]
[WhiteElo "1870"]
[BlackElo "1980"]
[PlyCount "58"]
[EventDate "2000.??.??"]
[EventType "team"]
[EventRounds "9"]
[EventCountry "FRA"]
[SourceTitle "EXT 2005"]
[Source "ChessBase"]
[SourceDate "2004.11.15"]
[SourceVersion "1"]
[SourceVersionDate "2004.11.15"]
[SourceQuality "1"]

1. Nf3 Nf6 2. g3 d6 3. Bg2 g6 4. d3 Bg7 5. 0-0 0-0 6. e4 Nbd7 7. c3 c5 8. Nbd2 Rb8 9. a4 b6 10. Re1 Bb7 11. Nf1 c4 12. e5 Bxf3 13. Bxf3 Nxe5 14. d4 Nd3 15. Re2 e5 16. dxe5 dxe5 17. Nd2 Qc7 18. Qc2 Rbd8 19. b4 cxb3 20. Qxb3 Nxc1 21. Rxc1 Rxd2 22. Rxd2 Bh6 23. Rcd1 Bxd2 24. Rxd2 Rc8 25. Rc2 Qc4 26. Qa3 Qd3 27. Bb7 Rc7 28. Qb2 Rxb7 29. Rd2 Qc4 0-1

[Event "Majeur-chT 0001"]
[Site "France"]
[Date "2000.??.??"]
[Round "3"]
[White "Habib, George"]
[Black "Bremond, Pascal"]
[Result "0-1"]
[WhiteElo "1770"]
[BlackElo "1980"]
[PlyCount "46"]
[EventDate "2000.??.??"]
[EventType "team"]
[EventRounds "9"]
[EventCountry "FRA"]
[SourceTitle "EXT 2005"]
[Source "ChessBase"]
[SourceDate "2004.11.15"]
[SourceVersion "1"]
[SourceVersionDate "2004.11.15"]
[SourceQuality "1"]

1. e4 c5 2. Nf3 d6 3. d4 cxd4 4. Nxd4 Nf6 5. Nc3 a6 6. Bg5 e6 7. f4 Qb6 8. Qd2 Qxb2 9. Rb1 Qa3 10. Be2 Nc6 11. Nxc6 bxc6 12. 0-0 Be7 13. e5 dxe5 14. Bxf6 gxf6 15. fxe5 Qc5+ 16. Kh1 Qxe5 17. Bf3 0-0 18. Rbe1 Rd8 19. Qxd8+ Bxd8 20. Rxe5 fxe5 21. Bxc6 Ra7 22. Ne4 Rc7 23. Ba8 Be7 0-1